لامع الدراري على جامع البخاري / (Record no. 53976)

MARC details
000 -LEADER
fixed length control field 00607nam a22001817a 4500
005 - DATE AND TIME OF LATEST TRANSACTION
control field 20251108171009.0
008 - FIXED-LENGTH DATA ELEMENTS--GENERAL INFORMATION
fixed length control field 250721s9999 xx 000 0 ara d
082 14 - DEWEY DECIMAL CLASSIFICATION NUMBER
Classification number م/213.4/كنك
100 1# - MAIN ENTRY--PERSONAL NAME
Personal name الكنكوهي، لابي مسعود رشيد أحمد
245 10 - TITLE STATEMENT
Title لامع الدراري على جامع البخاري /
264 1# - PRODUCTION, PUBLICATION, DISTRIBUTION, MANUFACTURE, AND COPYRIGHT NOTICE
Place of production, publication, distribution, manufacture مكة المكرمة :
Name of producer, publisher, distributor, manufacturer المكتبة الإمدادية،
Date of production, publication, distribution, manufacture, or copyright notice [19-].
300 ## - PHYSICAL DESCRIPTION
Extent 10ج
650 17 - SUBJECT ADDED ENTRY--TOPICAL TERM
Topical term or geographic name as entry element الإسلام
650 17 - SUBJECT ADDED ENTRY--TOPICAL TERM
Topical term or geographic name as entry element الحديث
700 1# - ADDED ENTRY--PERSONAL NAME
Personal name الصديقي، أبي زكريا محمد يحيى
Relator term ضبط
942 ## - ADDED ENTRY ELEMENTS (KOHA)
Source of classification or shelving scheme Dewey Decimal Classification
Koha item type References
Holdings
حالة السحب حالة الفقدان مصدر التصنيف حالة التلف غير قابل للإعارة المكتبة الرئيسية المكتبة الحالية موقع الرف تاريخ التزويد الرقم المتسلسل Total Checkouts رقم الإستدعاء الباركود تاريخ آخر ظهور تاريخ الفاتورة نوع المادة (كوها)
    Dewey Decimal Classification   Not For Loan مكتبة حمزة العامة مكتبة حمزة العامة مراجع 06/07/2004 ج10-31   م/213.4/كنك ج10-31 28/07/2025 06/07/2004 References
    Dewey Decimal Classification     مكتبة حمزة العامة مكتبة حمزة العامة الإعارة 31/05/2015 [30]   م/213.4/كنك PLD00327329 28/07/2025 31/05/2015 References
    Dewey Decimal Classification   Not For Loan مكتبة حمزة العامة مكتبة حمزة العامة مراجع 12/11/2015 [29].   م/213.4/كنك PLD00364358 28/07/2025 12/11/2015 References
    Dewey Decimal Classification   Not For Loan مكتبة حمزة العامة مكتبة حمزة العامة مراجع 08/02/2016 (24)   م/213.4/كنك PLD00372404 28/07/2025 08/02/2016 References
    Dewey Decimal Classification   Not For Loan مكتبة حمزة العامة مكتبة حمزة العامة مراجع 15/02/2016 (26)   م/213.4/كنك PLD00373933 28/07/2025 15/02/2016 References
    Dewey Decimal Classification   Not For Loan مكتبة حمزة العامة مكتبة حمزة العامة مراجع 15/02/2016 (23)   م/213.4/كنك PLD00373946 28/07/2025 15/02/2016 References
    Dewey Decimal Classification   Not For Loan مكتبة حمزة العامة مكتبة حمزة العامة مراجع 15/02/2016 (22)   م/213.4/كنك PLD00373973 28/07/2025 15/02/2016 References
    Dewey Decimal Classification   Not For Loan مكتبة حمزة العامة مكتبة حمزة العامة مراجع 15/02/2016 (27)   م/213.4/كنك PLD00373974 28/07/2025 15/02/2016 References
    Dewey Decimal Classification   Not For Loan مكتبة حمزة العامة مكتبة حمزة العامة مراجع 15/02/2016 (28)   م/213.4/كنك PLD00373998 28/07/2025 15/02/2016 References
    Dewey Decimal Classification   Not For Loan مكتبة حمزة العامة مكتبة حمزة العامة مراجع 15/02/2016 (25.)   م/213.4/كنك PLD00374000 28/07/2025 15/02/2016 References
Implemented & Customized by: BBB with SCIT (Smart Chains for Information Technology)

Powered by Koha